Entry Nombre personal
001 - NÚMERO DE CONTROL
- campo de control: 21076
003 - IDENTIFICADOR DE NÚMERO DE CONTROL
- campo de control: SpMaBN
005 - FECHA Y HORA DE LA ÚLTIMA TRANSACCIÓN
- campo de control: 20230906180529.0
008 - ELEMENTOS DE DATO DE LONGITUD-FIJA
- campo de control de longitud fija: 900725nn aijnnaabn a aaa
016 ## - NÚMERO DE CONTROL DE UNA AGENCIA BIBLIOGRÁFICA NACIONAL
- Número de control del registro: BNE19970064561
024 7# - IDENTIFICADOR DE OTROS ESTÁNDARES
- Número estándar o código: http://viaf.org/viaf/86948580/
- Fuente: viaf
040 ## - FUENTE DE CATALOGACIÓN
- Centro catalogador/agencia de origen: SpMaBN
- Lengua de catalogación: spa
- Centro/agencia transcriptor: SpMaBN
- Normas de descripción: rdc
- Convención/Normas de encabezamiento de materia/tesauro: embne
046 ## - FECHAS CON CODIFICACIÓN ESPECIAL
- Fecha de la muerte: 1918
100 1# - ENCABEZAMIENTO-NOMBRE DE PERSONA
- Nombre de persona: Amado, Enrique,
- Fechas asociadas al nombre: m. 1918
370 ## - LUGAR ASOCIADO
- Lugar de nacimiento: España, Galicia, Pontevedra (Provincia), Caldas de Reis
370 ## - LUGAR ASOCIADO
- Lugar de fallecimiento: España, Galicia, La Coruña (Provincia), Santiago de Compostela
373 ## - GRUPO ASOCIADO
- Grupo asociado: Ateneo de Madrid
- Fuente de información: Cargos históricos del Ateneo de Madrid 1835-1936 (Archivo del Ateneo); Listado de socios anteriores a 1 de abril de 1939 (Archivo del Ateneo)
374 ## - OCUPACIÓN
- Ocupación: Poetas
375 ## - GÉNERO/SEXO
- Género: Masculino
400 1# - TRAZADO DE VÉASE--NOMBRE DE PERSONA
- Nombre de persona: Amado Domínguez, Enrique,
- Fechas asociadas al nombre: m. 1918
670 ## - FUENTE DE DATOS ENCONTRADOS
- Cita de la fuente: De sol a sol, 1911
- Información encontrada: port. (Enrique Amado)
670 ## - FUENTE DE DATOS ENCONTRADOS
- Cita de la fuente: Cat. manual de la B. N.
- Información encontrada: (Amado Dominguez, Enrique)
670 ## - FUENTE DE DATOS ENCONTRADOS
- Cita de la fuente: WWW Diario de Pontevedra, consultado el 05-11-2020
- Información encontrada: 22-03-2018(En el psiquiátrico de Conxo (Santiago de Compostela) falleció, en el mes de agosto de 1918, el joven y distinguido escritor de Caldas de Reis Enrique Amado, que llevaba en aquel sanatorio unos dos o tres años. Fue secretario de la Sección de Literatura del Ateneo de Madrid. Pertenecía a la generación de Fernández Flórez, Pérez de Ayala y otros novelistas.)
670 ## - FUENTE DE DATOS ENCONTRADOS
- Cita de la fuente: WWW BN España aut., 06/09/2023
- Información encontrada: (Amado, Enrique, m. 1918)
678 ## - DATOS BIOGRÁFICOS O HISTÓRICOS
- Datos biográficos o históricos: Socio del Ateneo de Madrid n. 7605. Secretario cuarto de la Sección de Ciencias Morales y Políticas en 1904-05. Secretario cuarto de la Sección de Literatura en 1906-07. Secretario segundo de la Sección de Literatura en 1907-08. Secretario primero de la Sección de Literatura en 1909-13
- Ampliación de la nota: Fuentes: Cargos históricos del Ateneo de Madrid 1835-1936 (Archivo del Ateneo); Listado de socios anteriores a 1 de abril de 1939 (Archivo del Ateneo)
